| 000 | 00506nam a2200169 i 4500 | ||
|---|---|---|---|
| 001 | 72707 | ||
| 003 | ES-MaACL | ||
| 005 | 20230906171528.0 | ||
| 007 | t| | ||
| 008 | 040902s1956 sp ||||1| spa d | ||
| 100 | 1 |
_aGodden, Rumer. _957505 |
|
| 245 | 1 | 0 |
_aFlores entre ruinas / _cRumer Godden ; [versión española de Antonio Ribera Jordá]. |
| 260 |
_aBarcelona : _bExito, _c[1956] ( _fDuplex) |
||
| 300 |
_a299 p. ; _c20 cm. |
||
| 700 | 1 |
_aRibera, Antonio. _996769 |
|
| 852 |
_aES-MaACL _jC-11864 _bR.39984 |
||
| 999 |
_c72707 _d72707 |
||